000
nam a22 7a 4500
999
_c
7777
_d
7777
003
OSt
005
20171009202904.0
008
171009b xxu||||| |||| 00| 0 eng d
040
_c
Test
245
_a
National Geographic Magazine
_b
DUBAI Can the Desert Metropolis Go Green?
260
_a
New Delhi
_c
2017
942
_2
ddc
_c
MZ
_s
1